000 00663nam a22002297a 4500
005 20170124110101.0
010 _a472374
020 _c00.00
035 _a472374
037 _bCen Lib/Ret
040 _aDPL
_bEN
082 _a973
_bHIL
100 _aHill, C.P.
_927093
245 _aThe Unites States since the first world war /
_cby C.P.Hill
260 _bGeorge Allen and Unwin Ltd
_aLondon
_c1967
270 _aRuskin House Museum Street
300 _a143p. :
_c21cm(Hb)
_bill.
500 _aIncludes index
650 _aUnited States
_927094
650 _aUnited States--after first world war
_927095
942 _2ddc
_cEN
_h973
_mHIL
999 _c129672
_d129672